Statistics for Finish that Phrase! "I had a bad..."

Click here to take the quiz!

General Stats

  • This quiz has been taken 50 times
  • The average score is 4 of 10

Answer Stats

Rank"I had a bad..."% Correct
3Day
98%
4Night
61%
7Cold
55%
8Time
48%
1Feeling
43%
9Headache
41%
2Dream
39%
10Case (of the Flu)
32%
5Experience
30%
6Habit
2%

Score Distribution

Percentile by Number Answered

Percent of People with Each Score

Your Score History

You have not taken this quiz